Countries with Russian military bases - Statistics

General Stats
  • This quiz has been taken 97 times
  • The average score is 6 of 8
Answer Stats
Continent Country % Correct
Europe Belarus
99%
Asia Kazakhstan
86%
Asia Armenia
75%
Asia Syria
73%
Asia Kyrgyzstan
72%
Asia Tajikistan
72%
Asia Georgia
60%
Europe Moldova
59%
No matching quizzes found
Score Distribution
Percent of People with Each Score
Percentile by Number Answered
Your Score History
You have not taken this quiz